Largest Pacific Islands - Statistics

General Stats
  • This quiz has been taken 123 times
  • The average score is 13 of 20
Answer Stats
Hint Answer % Correct
111,583 North Island
95%
145,836 South Island
95%
785,753 New Guinea
92%
227,960 Honshu
90%
77,981 Hokkaido
88%
109,965 Luzon
85%
35,883 Taiwan
83%
34,650 Kyushu
76%
10,434 Hawaii
72%
104,530 Mindanao
72%
90,758 Tasmania
72%
174,600 Sulawesi
66%
18,800 Shikoku
65%
72,593 Sakhalin
59%
35,400 Hainan
52%
16,648 New Caledonia
42%
35,145 New Britain
41%
10,531 Viti Levu
34%
31,285 Vancouver Island
33%
12,189 Palawan
31%
No matching quizzes found
Score Distribution
Percent of People with Each Score
Percentile by Number Answered
Your Score History
You have not taken this quiz